Europa Universalis IV : all formable countries - Statistics

General Stats
  • This quiz has been taken 1,520 times
    1,365 since last reset
  • The average score is 40 of 85
Answer Stats
Kind Countries % Correct
Unification Spain
93%
Unification Russia
92%
Unification Germany
91%
Independent colonial nation United States
91%
Unification Great Britain
88%
Unification Italy
87%
Independent colonial nation Brazil
86%
Independent colonial nation Mexico
84%
Independent colonial nation Canada
83%
Unification Japan
83%
Unification Prussia
80%
Reformables countries France
79%
Independent colonial nation Colombia
78%
Unification Scandinavia
76%
Other mechanic Holy Roman Empire
73%
Unification Persia
73%
Independent colonial nation Australia
72%
Unification Ireland
72%
Unification Commonwealth
71%
Independent colonial nation Peru
71%
Unification Roman Empire
70%
Unification Qing
69%
Unification Netherlands
67%
Reformables countries Austria
66%
Unification Arabia
64%
Unification Egypt
64%
Unification Mughals
60%
Reformables countries Poland
60%
Reformables countries England
58%
Unification Mongol Empire
58%
Unification Golden Horde
55%
Unification Greece
55%
Independent colonial nation Chile
53%
Unification Hindustan
53%
Independent colonial nation California
52%
Unification Yuan
52%
Unification Romania
51%
Unification Rûm
51%
Independent colonial nation Texas
49%
Unification Manchu
47%
Reformables countries Byzantium
46%
Unification Andalusia
45%
Independent colonial nation Venezuela
44%
Unification Bharat
43%
Independent colonial nation La Plata
42%
Unification Malaya
42%
Unification Tuscany
42%
Reformables countries Morocco
41%
Reformables countries Timurids
41%
Reformables countries Scotland
39%
Unification Jerusalem
37%
Unification Iceland
36%
Unification Inca
36%
Independent colonial nation Louisiana
36%
Unification Westphalia
36%
Reformables countries Georgia
33%
Reformables countries Mamluks
33%
Unification Ruthenia
33%
Unification Sardinia-Piedmont
33%
Reformables countries Tunis
33%
Independent colonial nation Haiti
31%
Unification Hannover
31%
Unification Tibet
30%
Reformables countries Delhi
29%
Unification Croatia
26%
Unification Nepal
26%
Unification Armenia
25%
Independent colonial nation Paraguay
25%
Unification Deccan
24%
Unification Maya
24%
Independent colonial nation Quebec
24%
Reformables countries Yemen
21%
Unification Ilkhanate
19%
Unification Algiers
16%
Unification Rajputana
13%
Unification Kurland
12%
Unification Punjab
11%
Unification Sokoto
11%
Unification Tripoli
9%
Unification Shan
8%
Independent colonial nation United Central America
7%
Unification Marathas
5%
Unification Nagpur
4%
Reformables countries Orissa
4%
Unification Bhukhara
2%
No matching quizzes found
Score Distribution
Percent of People with Each Score
Percentile by Number Answered
Your Score History
You have not taken this quiz since the last reset